000 00313nam a22001457a 4500
008 231127b ||||| |||| 00| 0 eng d
020 _a0674891988
041 _aeng
080 _a91
082 _a91GOU
100 _a28
101 _aHISTO
245 _aTIMES ARROW TIMES CYCLE
_cGOULD.J.S
942 _2udc
_cBK
999 _c60539
_d60539